[Event "ROM-ch U08"]
[Site "Calimanesti Caciulata"]
[Date "2019.04.17"]
[Round "4"]
[White "Iorga, Flavius Stefan"]
[Black "Balaceanu, Ruben Daniel"]
[Result "1-0"]
[WhiteElo "1001"]
[BlackElo "1001"]
[PlyCount "55"]
[EventDate "2019.04.15"]
[EventType "swiss"]
[EventRounds "9"]
[EventCountry "ROU"]
[SourceTitle "CBM 190 Extra"]
[Source "ChessBase"]
[SourceDate "2019.07.15"]
[SourceVersion "1"]
[SourceVersionDate "2019.07.15"]
[SourceQuality "1"]

1. e4 Nc6 2. d4 Nf6 3. Nc3 d5 4. e5 Ne4 5. Nxe4 dxe4 6. Bb5 Bd7 7. Bxc6 Bxc6 8. Ne2 Qd5 9. Bf4 e3 10. fxe3 Qxg2 11. Rg1 Qf3 12. Nc3 Qxd1+ 13. Rxd1 0-0-0 14. d5 Bd7 15. d6 exd6 16. exd6 Bxd6 17. Bxd6 cxd6 18. Rxd6 Ba4 19. Rxd8+ Rxd8 20. Nxa4 Re8 21. Rxg7 Rxe3+ 22. Kd2 Re4 23. Rg8+ Kc7 24. b3 Rd4+ 25. Kc3 Re4 26. Rg7 Re3+ 27. Kd4 Rf3 28. Kc4 1-0